| Поле | Инд. | ПП | Название | Значение |
|---|---|---|---|---|
| Тип записи | a | |||
| Библиографический уровень | a | |||
| 001 | Контрольный номер | f46caaf5f63b47cb9cc3f929ec95bb0e | ||
| 005 | Дата корректировки | 20160901095024.7 | ||
| 020 | a | ISBN | 978-5-98704-370-0 | |
| 040 | a | Служба первич. каталог. | НБ ТвГУ | |
| b | Код языка каталог. | rus | ||
| e | Правила каталог. | PSBO | ||
| 041 | 0_ | a | Код языка текста | rus |
| 097 | b | Оператор | batjaeva_g | |
| 100 | 1_ | a | Автор | Шелюбская Наталья Владимировна |
| q | Полное имя | Шелюбская Н. В. | ||
| 245 | 10 | a | Заглавие | Инновационная стратегия Западной Европы в новом тысячелетии |
| 260 | a | Место издания | Москва | |
| b | Издательство | Логос | ||
| 504 | a | Библиография | Библиогр.: с. 154-155 (14 назв.) | |
| 520 | 0_ | a | Аннотация | Партнерство с ЕС для России не только особое значение для углубления взаимного сотрудничества между европейскими и российскими научно-техническими центрами, но и может представлять практический интерес с точки зрения проецирования европейского опыта по стимулированию интеграционных процессов в научно-технической деятельности на отношения России со странами СНГ и другими партнерами. |
| 653 | 0_ | a | Ключевые слова | Западная Европа |
| a | Ключевые слова | Европейский союз | ||
| a | Ключевые слова | Инновационная сфера | ||
| a | Ключевые слова | Инновационная деятельность | ||
| a | Ключевые слова | Планы ЕС | ||
| a | Ключевые слова | Инновации | ||
| a | Ключевые слова | Европейские программы сотрудничества | ||
| a | Ключевые слова | Программы кооперации ЕС | ||
| 773 | 18 | w | Контрольный № источника | RU/IS/BASE/317462566 |
| t | Название источника | Наука в условиях глобализации | ||
| d | Место и дата издания | Москва : Логос, 2009 | ||
| g | Прочая информация | С. 138-155 | ||
| 901 | t | Тип документа | a | |
| 920 | a | Оператор | Батя |